Tài liệu hướng dẫn giảng dạy văn học lớp 10: T2

Spremljeno u:
Bibliografski detalji
Format: Knjiga
Jezik:Undetermined
Izdano: Hà Nội Giáo dục 1977
Teme:
Oznake: Dodaj oznaku
Bez oznaka, Budi prvi tko označuje ovaj zapis!
Thư viện lưu trữ: Trung tâm Học liệu Trường Đại học Cần Thơ
LEADER 00468nam a2200145Ia 4500
001 CTU_17344
008 210402s9999 xx 000 0 und d
082 |a 372.64 
082 |b T103/L10/T2 
245 0 |a Tài liệu hướng dẫn giảng dạy văn học lớp 10: T2 
260 |a Hà Nội 
260 |b Giáo dục 
260 |c 1977 
650 |a literature - study and teaching ( secondary ) 
980 |a Trung tâm Học liệu Trường Đại học Cần Thơ